Champions du monde Moto GP - Statistiques

Statistiques générales
  • Ce quiz a été pris 1 181 fois
    287 depuis la dernière actualisation
  • Le résultat moyen est 12 sur 51
Statistiques - réponses
Titre Réponse % Correct
8 Marc Marquez
98%
2 Alex Marquez
96%
9 Valentino Rossi
94%
1 Fabio Quartararo
88%
3 Francesco Bagnaïa
75%
5 Jorge Lorenzo
67%
2 Jorge Martin
66%
2 Johann Zarco
58%
2 Joan Mir
55%
2 Casey Stoner
44%
3 Dani Pedrosa
40%
2 Pedro Acosta
40%
1 Brad Binder
30%
1 Franco Morbidelli
28%
1 Ai Ogura
26%
1 Nicky Hayden
26%
1 Andrea Dovizioso
24%
1 Pol Espargaro
24%
1 Augusto Fernandez
23%
1 Maverick Viñales
23%
1 Enea Bastianini
21%
1 David Alonso
18%
1 Julian Simon
13%
1 Marco Simoncelli
11%
1 Jaume Masia
9%
1 Kenny Roberts Jr
8%
1 Remy Gardner
8%
1 Esteve Rabat
7%
1 Danny Kent
6%
1 Izan Guevara
5%
1 Nicolas Terol
5%
1 Stefan Bradl
5%
1 Thomas Luthi
5%
1 Toni Elias
5%
1 Albert Arenas
4%
1 Alvaro Bautista
4%
1 Daijiro Kato
3%
1 Lorenzo Dalla Porta
3%
1 Marco Melandri
3%
1 Mike di Meglio
3%
1 Dominique Aegerter
2%
2 Jordi Torres
2%
1 Olivier Jacque
2%
1 Sandro Cortese
2%
1 Arnaud Vincent
1%
1 Gabor Talmacsi
1%
1 Hiroshi Aoyama
1%
2 Manuel Poggiali
1%
1 Matteo Ferrari
1%
1 Mattia Casadei
0%
1 Roberto Locatelli
0%
Aucun quiz correspondant
Distribution des résultats
% des personnes avec chaque résultat
Percentile par nombre de réponses
Votre historique - résultats
Vous n’avez pas pris ce quiz depuis la dernière actualisation